Pricing Sustainability An Empirical Assessment of the Greenium in Morocco’s Evolving Bond Market
| Szerző: | |
|---|---|
| További közreműködők: | |
| Dokumentumtípus: | TDK dolgozat |
| Kulcsszavak: | economic developement environment regional development sustainability sustainable development |
| Online Access: | http://dolgozattar.uni-bge.hu/60473 |
MARC
| LEADER | 00000nta a2200000 i 4500 | ||
|---|---|---|---|
| 001 | dolg60473 | ||
| 005 | 20260416073748.0 | ||
| 008 | 260416suuuu hu o 000 eng d | ||
| 040 | |a BGE Dolgozattár Repozitórium |b hun | ||
| 041 | |a en | ||
| 100 | 1 | |a Aalaoui Souhaile | |
| 245 | 1 | 0 | |a Pricing Sustainability |b An Empirical Assessment of the Greenium in Morocco’s Evolving Bond Market |c Aalaoui Souhaile |h [elektronikus dokumentum] |
| 516 | |a Students_Scientific_Association_paper | ||
| 520 | 3 | |a SOUHAILE AALAOUI Supervisor: Active semester 7 Dr. Vallyon AndreaInternational Business Associate professorBGE KKK BGE KKKPricing Sustainability: An Empirical Assessment of the Greenium in Morocco’s Evolving Bond Market.The study is the first attempt to identify the phenomenon of the greenium in the Moroccan capital market, and to see whether green bonds have a premium price compared to conventional equivalent. The paper evaluates four hypotheses related to the existence of a greenium (H1), its enhancement post-2019 (H2), its difference between corporate and sovereign issuers (H3), and its correlation with bond maturity (H4). The matched-pair design with an exclusive data set of fourteen bonds diversified in sovereign, public agency, and corporate issuers is applied in the analysis to facilitate the external validity of the findings. It uses paired t-tests and multivariate regression of primary market data methodologically. The results are not in line with paradigms. In contrast to the evidence of the developed markets, the study shows no overall greenium (H1) and yields on green bonds occasionally exceed those of their traditional counterparts. Hypothesized relationship between the greenium and the bond maturity (H4) was not strongly proven to be verified, however the findings indicated a special investor calculus in this immature market. Equally, although the impacts of issuer segmentation (H3) were experienced, they were not statistically decisive, and there was no evidence of sustained post-2019 greenium (H2). The research has important theoretical and practical implications, since it proves that the financial advantages of green bonds do not occur automatically but are conditioned by the local market conditions. The primary bond prospectuses and AMMC regulatory reports on which it was based guarantee its comprehensive and open analysis, which offers the Moroccan regulators and financial institutions with a solid evidence base to use to improve the strategy of green finance in the country. | |
| 695 | |a economic developement | ||
| 695 | |a environment | ||
| 695 | |a regional development | ||
| 695 | |a sustainability | ||
| 695 | |a sustainable development | ||
| 700 | 1 | |a Vallyon Dr. Andrea Júlia |e ths | |
| 856 | 4 | 0 | |u http://dolgozattar.uni-bge.hu/60473/1/TDK.pdf |z Dokumentum-elérés |
| 856 | 4 | 0 | |u http://dolgozattar.uni-bge.hu/60473/2/Abstract.docx |z Dokumentum-elérés |
| 856 | 4 | 0 | |u http://dolgozattar.uni-bge.hu/60473/3/05_Paper_evaluation_form_2025_FP.pdf |z Dokumentum-elérés |
| 856 | 4 | 0 | |u http://dolgozattar.uni-bge.hu/60473/4/Souhaile_Aalaoui_NGK_E%C3%89.pdf |z Dokumentum-elérés |